Заслуженная артистка республики Любовь Петровна Орлова в звуковом художественном фильме "Цирк" (Запись № 13317170)

Подробности
000 -МАРКЕР
контрольное поле 02290nkm0a2200421 4500
001 - ИДЕНТИФИКАТОР ЗАПИСИ
контрольное поле RU\NLR\BIBL_A\022025756
005 - ИДЕНТИФИКАТОР ВЕРСИИ
контрольное поле 20250627115742.0
035 ## - ДРУГИЕ СИСТЕМНЫЕ НОМЕРА
Идентификатор записи (NLR Aleph) 022025756
100 ## - ДАННЫЕ ОБЩЕЙ ОБРАБОТКИ
Данные общей обработки 20230913d1936 |||y0rusy50 ca
101 0# - ЯЗЫК РЕСУРСА
Язык текста, звукозаписи и т.д. русский
102 ## - СТРАНА ПУБЛИКАЦИИ ИЛИ ПРОИЗВОДСТВА
Страна публикации российская федерация
116 ## - ПОЛЕ КОДИРОВАННЫХ ДАННЫХ: ИЗОБРАЗИТЕЛЬНЫЕ МАТЕРИАЛЫ
Кодированные данные для изобразительных материалов. iiycxx bf ad
135 ## - ПОЛЕ КОДИРОВАННЫХ ДАННЫХ: ЭЛЕКТРОННЫЕ РЕСУРСЫ
Кодированные данные для электронного ресурса crcn 024anaba
181 #0 - ПОЛЕ КОДИРОВАННЫХ ДАННЫХ: ВИД СОДЕРЖАНИЯ
Код вида содержания (ISBD) b4
Код характеристики содержания (ISBD) xb2e
182 #0 - ПОЛЕ КОДИРОВАННЫХ ДАННЫХ: ТИП СРЕДСТВА
Код типа средства (ISBD) n - непосредственное
200 1# - ЗАГЛАВИЕ И СВЕДЕНИЯ ОБ ОТВЕТСТВЕННОСТИ
Основное заглавие Заслуженная артистка республики Любовь Петровна Орлова в звуковом художественном фильме "Цирк"
Сведения, относящиеся к заглавию производство "Мосфильм"
-- [плакат]
Первые сведения об ответственности техред Аграненко
203 ## - ВИД СОДЕРЖАНИЯ И ТИП СРЕДСТВА
Вид содержания Изображение
Дополнительные сведения об издании неподвижное
-- двухмерное
-- визуальное
Тип средства непосредственное
210 ## - ПУБЛИКАЦИЯ, РАСПРОСТРАНЕНИЕ И ДР.
Место издания, распространения и т.д. [Москва]
Имя издателя, распространителя и т. д. Кинофотоиздат
Дата издания, распространения и т.д. 1936
Место изготовления [Москва]
Имя изготовителя 2-я Гос. литография
215 ## - ФИЗИЧЕСКАЯ ХАРАКТЕРИСТИКА
Специфическое обозначение материала и объем 1 л.
Другие сведения о физической характеристике хрмолитогр.
Размеры 59,1х89,3
300 ## - ОБЩИЕ ПРИМЕЧАНИЯ
Текст примечания На изобр. слева внизу факс. подписи худ.: "Рычков 36г."
300 ## - ОБЩИЕ ПРИМЕЧАНИЯ
Текст примечания В вых. данных Главлит В-36942
325 ## - ПРИМЕЧАНИЕ О КОПИИ
Текст примечания Копия доступна в Электрон. б-ке РНБ
327 0# - ПРИМЕЧАНИЯ О СОДЕРЖАНИИ
Текст примечания Л. Орлова в образе героини фильма
600 #1 - ИМЯ ЛИЦА КАК ПРЕДМЕТ
Начальный элемент ввода Орлова
Часть имени, кроме начального элемента ввода Л. П.
Даты 1902 - 1975
Расширение инициалов личного имени Любовь Петровна
Формальный подзаголовок Плакаты
Системный номер авторитетной/нормативной записи 1376184
Идентификатор авторитетной/нормативной записи RU\NLR\AUTH\66577062
606 1# - НАИМЕНОВАНИЕ ТЕМЫ КАК ПРЕДМЕТ
Наименование темы Киноплакат русский советский
Системный номер авторитетной/нормативной записи 2131134
Идентификатор авторитетной/нормативной записи RU\NLR\AUTH\661589765
686 ## - ИНДЕКСЫ ДРУГИХ КЛАССИФИКАЦИЙ
Индекс Щ153(2Р=Рус)7-465
700 #1 - ИМЯ ЛИЦА - ПЕРВИЧНАЯ ОТВЕТСТВЕННОСТЬ
Начальный элемент ввода Рычков
Часть имени, кроме начального элемента ввода Г. Н.
Даты 1885–1972
Расширение инициалов личного имени Григорий Николаевич
Код отношения Карикатурист, Художник
712 02 - НАИМЕНОВАНИЕ ОРГАНИЗАЦИИ - ВТОРИЧНАЯ ОТВЕТСТВЕННОСТЬ
Код отношения Прочие
Начальный элемент ввода "Мосфильм", киностудия
Системный номер авторитетной/нормативной записи 612524
Идентификатор авторитетной/нормативной записи RU\NLR\AUTH\8810055927
712 02 - НАИМЕНОВАНИЕ ОРГАНИЗАЦИИ - ВТОРИЧНАЯ ОТВЕТСТВЕННОСТЬ
Код отношения Издатель
Начальный элемент ввода Издательство литературы по кинематографии и фотографии
Идентифицирующий признак Москва
Системный номер авторитетной/нормативной записи 864937
Идентификатор авторитетной/нормативной записи RU\NLR\AUTH\880600003
852 00 - МЕСТОНАХОЖДЕНИЕ И ШИФР ХРАНЕНИЯ
Идентификатор организации NLR
Наименование фонда или коллекции (Sub-Location Identifier) Э
Шифр хранения (Call Number) АфИс900-III/Ц690
Идентификатор единицы Эаф15035
942 ## - ДОПОЛНИТЕЛЬНЫЕ ЭЛЕМЕНТЫ ЗАПИСИ (АБИС)
Тип экземпляра АБИС Визуальный материал
980 ## - КОЛЛЕКЦИЯ
Название коллекции Национальная библиография
981 17 - КОЛЛЕКЦИЯ ЭЛЕКТРОННОЙ БИБЛИОТЕКИ
Название коллекции Изографические материалы
Название подколлекции Плакаты
Экземпляры
Тип экземпляра Дата поступления Библиотека постоянного хранения Библиотека текущего хранения Место хранения Шифр хранения Штрих-код Статус не для выдачи
Визуальный материал 13.09.2023 РНБ (Садовая) РНБ (Садовая) Фонд эстампов и фотографий, Лист. Э АфИс900-III/Ц690 ERR-294521